000 00353nam a2200133Ia 4500
008 240624s9999 xx 000 0 und d
041 _aeng
082 _a330.9 KAT
100 _aKATES STEVEN
245 _aGLOBAL FINANCIAL CRISIS WHAT HAVE WE LEA
260 _c2011
_aUnited Kingdom
_bEdward Elgar
300 _axiii, 244 p.; 23 cm.
365 _cBPS
_b33
999 _c32239
_d32239